Представление документа в формате RUSMARC

ПолеНазваниеЗначение
  Тип записи a
  Библиографический уровень m
001 Контрольный номер RU/SLIB/B/208767431
005 Дата корректировки 20201206204247.2
010 Индекс ISBN __
d Цена 40-00
101 Язык документа 0_
a Язык текста rus
c Язык оригинала rus
200 Заглавие и сведения об ответственности 0_
a Заглавие Рассказы
f Первые сведения об ответственности И. А. Бунин ; сост., предисл. и коммент. А. Саакянц
b Общее обозначение материала Текст
210 Выходные данные __
a Место издания М.
c Издательство Правда
d Дата издания 1983
215 Физическое описание __
a Объем 576 с.
327 Примечание о содержании __
a Примечание о содержании Первая любовь
327 Примечание о содержании __
a Примечание о содержании Федосеевна
327 Примечание о содержании __
a Примечание о содержании Танька
327 Примечание о содержании __
a Примечание о содержании Кастрюк
327 Примечание о содержании __
a Примечание о содержании На хуторе
327 Примечание о содержании __
a Примечание о содержании Вести с родины
327 Примечание о содержании __
a Примечание о содержании На край света
327 Примечание о содержании __
a Примечание о содержании Учитель
327 Примечание о содержании __
a Примечание о содержании На даче
327 Примечание о содержании __
a Примечание о содержании Велга
606 Тематические рубрики __
a Основная рубрика Художественная литература
606 Тематические рубрики __
a Основная рубрика Русская литература XIX в. (произведения)
610 Ключевые слова __
a Ключевые слова проза; рассказы; писатели
686 Индексы других классификаций __
a Классификационный индекс 84(2=411.2)53-4
700 Автор _1
a Фамилия Бунин
b Имя И. А.
4 Код отношения 070
702 Вторичная интеллектуальная ответственность _1
a Фамилия Саакянц
b Имя А.
4 Код отношения Составитель
4 Код отношения 220
4 Код отношения 080
4 Код отношения 212
801 Источник записи _0
a Страна RU
b Организация Муниципальное бюджетное учреждение культуры "Централизованная библиотечная система" г. Сургут (Центральная городская библиотека им. А. С. Пушкина)
g Правила каталогизации КиК/Гришунина
801 Источник записи _1
a Страна RU
b Организация Муниципальное бюджетное учреждение культуры "Централизованная библиотечная система" г. Сургут (Центральная городская библиотека им. А. С. Пушкина)
g Правила каталогизации КиК/Гришунина
852 Данные о местонахождении __
j Шифр хранения 84(2=411.2)53-4
c Каталожный индекс 84(2Рос=Рус)1-4
i Авторский знак Б 91
p Инвентарный номер 04070612
901 Тип документа __
t Тип документа m
903 Характеристики (МАРС) __
a Дата передачи 20040813
990 Данные о заказе (DOS) __
j Количество экземпляров (DOS) 1
t N записи в КСУ для И/У (DOS) 200407